000 00278nam a2200121Ia 4500
008 191201s2014 xx 000 0 und d
100 _aKHURAN, P.K.
245 0 _aExport Management
260 _aN. Delhi
_bGalgotia Pub
_c2014
300 _a681
650 _aBBA
942 _2ddc
_cBK
999 _c6454
_d6454